| 000 | 00000nam##2200000za#4500 |
| 001 | 9.568562 |
| 003 | CaOODSP |
| 005 | 20240215150447 |
| 007 | cr ||||||||||| |
| 008 | 150406|2007||||xxc|||||o f|0| 0 eng|d |
| 040 | |aCaOODSP|beng |
| 043 | |an-cn--- |
| 086 | 1 |aPS83-3/185E-PDF |
| 110 | 2 |aCorrectional Service Canada. |
| 245 | 10|aCircles of support & accountability : |h[electronic resource]|ba national replication of outcome findings / |c[by] Robin J. Wilson, Franca Cortoni & Monica Vermani. |
| 260 | |bCorrectional Service Canada |cMay 2007. |
| 300 | |a18p.|breferences, tables |
| 490 | 1 |aResearch report|vR-185 |
| 590 | |a11-01-Supp|b2011-01-11 |
| 720 | 1 |aCortoni, Franca |
| 720 | 1 |aWilson, Robin J. |
| 720 | 1 |aVermani, Monica |
| 775 | 08|tCercles de soutien et de responsabilité : |w(CaOODSP)9.599836 |
| 830 | #0|aResearch report (Correctional Service Canada. Research Branch)|vR-185|w(CaOODSP)9.506063 |
| 856 | 40|ahttp://publications.gc.ca|qPDF|s108 KB|uhttps://publications.gc.ca/collections/collection_2010/scc-csc/PS83-3-185-eng.pdf|yR-185 |